书目信息 |
| 题名: |
点心篇
|
|
| 作者: | 张延年 主编 | |
| 分册: | ||
| 出版信息: | 北京 中国轻工业出版社 2002.01 |
|
| 页数: | 102页 | |
| 开本: | 21cm | |
| 丛书名: | 厨师学艺丛书 | |
| 单 册: | ||
| 中图分类: | TS972.11 | |
| 科图分类: | ||
| 主题词: | 饮食业--供应技术 | |
| 电子资源: | ||
| ISBN: | 7-5019-3497-5 | |
| 000 | 00636nam0 2200229 45 | |
| 001 | 0211191404 | |
| 005 | 20021119142624.6 | |
| 010 | @a7-5019-3497-5@d28.00元 | |
| 100 | @a20021119d2002 km y0chiy0120 ea | |
| 101 | 0 | @achi |
| 105 | @a z 000yy | |
| 200 | 1 | @a点心篇@ADian Xin Pian@f张延年主编@FZhang Yan Nian Zhu Bian |
| 210 | @a北京@c中国轻工业出版社@d2002.01 | |
| 215 | @a102页@d21cm | |
| 225 | @a厨师学艺丛书 | |
| 300 | @a光盘1张 | |
| 410 | @12001 @a厨师学艺丛书 | |
| 606 | 0 | @a饮食业@x供应技术 |
| 690 | @aTS972.11@v3 | |
| 701 | 0 | @a张延年@4主编 |
| 801 | @aCN@bPftUser@c20021119 | |
| 905 | @aBZT@b343138-142@dTS972.11@e2@f5 | |
| 点心篇/张延年主编.-北京:中国轻工业出版社,2002.01 |
| 102页;21cm.-(厨师学艺丛书) |
| 光盘1张 |
| ISBN 7-5019-3497-5:28.00元 |
| ● |
| 相关链接 |
|
|
|
正题名:点心篇
索取号:TS972.11/2
 
预约/预借
| 序号 | 登录号 | 条形码 | 馆藏地/架位号 | 状态 | 备注 |
| 1 | 343138 | 201173915 | 中心书库中库/ 中库024架A面2列4层6/ [索取号:TS972.11/2] | 在馆 | |
| 2 | 343139 | 201173906 | 中心书库中库/ 中库024架A面2列4层3/ [索取号:TS972.11/2] | 在馆 | |
| 3 | 343140 | 201173933 | 中心书库中库/ 中库024架A面2列4层5/ [索取号:TS972.11/2] | 在馆 | |
| 4 | 343142 | 201173942 | 中心书库中库/ 中库024架A面2列4层4/ [索取号:TS972.11/2] | 在馆 |